<?xml version="1.0" encoding="UTF-8"?>
<record
    xmlns:xsi="http://www.w3.org/2001/XMLSchema-instance"
    xsi:schemaLocation="http://www.loc.gov/MARC21/slim http://www.loc.gov/standards/marcxml/schema/MARC21slim.xsd"
    xmlns="http://www.loc.gov/MARC21/slim">

  <leader>01323nam a22002777a 4500</leader>
  <datafield tag="999" ind1=" " ind2=" ">
    <subfield code="c">97568</subfield>
    <subfield code="d">97568</subfield>
  </datafield>
  <controlfield tag="003">NALT</controlfield>
  <controlfield tag="005">20250312091132.0</controlfield>
  <controlfield tag="008">200915b        th ||||| |||| 00| 0 tha d</controlfield>
  <datafield tag="020" ind1=" " ind2=" ">
    <subfield code="a">9786164760424</subfield>
  </datafield>
  <datafield tag="040" ind1=" " ind2=" ">
    <subfield code="a">NALT</subfield>
  </datafield>
  <datafield tag="090" ind1=" " ind2=" ">
    <subfield code="a">KE 141</subfield>
    <subfield code="b">&#xE19;641&#xE2D; 2562</subfield>
  </datafield>
  <datafield tag="100" ind1="0" ind2=" ">
    <subfield code="a">&#xE19;&#xE34;&#xE22;&#xE21; &#xE23;&#xE31;&#xE10;&#xE2D;&#xE21;&#xE24;&#xE15;</subfield>
    <subfield code="9">9490</subfield>
  </datafield>
  <datafield tag="245" ind1="1" ind2="0">
    <subfield code="a">&#xE2D;&#xE07;&#xE04;&#xE4C;&#xE01;&#xE23;&#xE2D;&#xE34;&#xE2A;&#xE23;&#xE30;&#xE01;&#xE31;&#xE1A;&#xE01;&#xE32;&#xE23;&#xE2A;&#xE23;&#xE49;&#xE32;&#xE07;&#xE04;&#xE27;&#xE32;&#xE21;&#xE2A;&#xE21;&#xE14;&#xE38;&#xE25;&#xE43;&#xE19;&#xE23;&#xE30;&#xE1A;&#xE1A;&#xE01;&#xE32;&#xE23;&#xE40;&#xE21;&#xE37;&#xE2D;&#xE07; /</subfield>
    <subfield code="c">&#xE19;&#xE34;&#xE22;&#xE21; &#xE23;&#xE31;&#xE10;&#xE2D;&#xE21;&#xE24;&#xE15; &#xE41;&#xE25;&#xE30;&#xE2D;&#xE38;&#xE14;&#xE21; &#xE23;&#xE31;&#xE10;&#xE2D;&#xE21;&#xE24;&#xE15;.</subfield>
  </datafield>
  <datafield tag="250" ind1=" " ind2=" ">
    <subfield code="a">&#xE1E;&#xE34;&#xE21;&#xE1E;&#xE4C;&#xE04;&#xE23;&#xE31;&#xE49;&#xE07;&#xE17;&#xE35;&#xE48; 1.</subfield>
  </datafield>
  <datafield tag="260" ind1=" " ind2=" ">
    <subfield code="a">&#xE01;&#xE23;&#xE38;&#xE07;&#xE40;&#xE17;&#xE1E;&#xE2F; :</subfield>
    <subfield code="b">&#xE2A;&#xE16;&#xE32;&#xE1A;&#xE31;&#xE19;&#xE1E;&#xE23;&#xE30;&#xE1B;&#xE01;&#xE40;&#xE01;&#xE25;&#xE49;&#xE32;,</subfield>
    <subfield code="c">2562.</subfield>
  </datafield>
  <datafield tag="300" ind1=" " ind2=" ">
    <subfield code="a">135 &#xE2B;&#xE19;&#xE49;&#xE32; :</subfield>
    <subfield code="b">&#xE15;&#xE32;&#xE23;&#xE32;&#xE07; ; </subfield>
    <subfield code="c">21 &#xE0B;&#xE21;.</subfield>
  </datafield>
  <datafield tag="650" ind1=" " ind2="0">
    <subfield code="a">&#xE2D;&#xE07;&#xE04;&#xE4C;&#xE01;&#xE23;&#xE2D;&#xE34;&#xE2A;&#xE23;&#xE30; </subfield>
    <subfield code="z">&#xE44;&#xE17;&#xE22;</subfield>
    <subfield code="9">21324</subfield>
  </datafield>
  <datafield tag="650" ind1=" " ind2="4">
    <subfield code="9">21722</subfield>
    <subfield code="a">&#xE14;&#xE38;&#xE25;&#xE2D;&#xE33;&#xE19;&#xE32;&#xE08;</subfield>
  </datafield>
  <datafield tag="650" ind1=" " ind2="0">
    <subfield code="a">&#xE01;&#xE32;&#xE23;&#xE1B;&#xE0F;&#xE34;&#xE23;&#xE39;&#xE1B;&#xE01;&#xE32;&#xE23;&#xE40;&#xE21;&#xE37;&#xE2D;&#xE07; </subfield>
    <subfield code="z">&#xE44;&#xE17;&#xE22;</subfield>
    <subfield code="9">9510</subfield>
  </datafield>
  <datafield tag="700" ind1="0" ind2=" ">
    <subfield code="a">&#xE2D;&#xE38;&#xE14;&#xE21; &#xE23;&#xE31;&#xE10;&#xE2D;&#xE21;&#xE24;&#xE15;</subfield>
    <subfield code="9">18323</subfield>
  </datafield>
  <datafield tag="710" ind1="2" ind2=" ">
    <subfield code="9">2339</subfield>
    <subfield code="a">&#xE2A;&#xE16;&#xE32;&#xE1A;&#xE31;&#xE19;&#xE1E;&#xE23;&#xE30;&#xE1B;&#xE01;&#xE40;&#xE01;&#xE25;&#xE49;&#xE32;</subfield>
  </datafield>
  <datafield tag="850" ind1=" " ind2=" ">
    <subfield code="a">NALT</subfield>
  </datafield>
  <datafield tag="942" ind1=" " ind2=" ">
    <subfield code="c">LB</subfield>
    <subfield code="2">local</subfield>
  </datafield>
  <datafield tag="998" ind1=" " ind2=" ">
    <subfield code="a">bijaya</subfield>
    <subfield code="c">103</subfield>
    <subfield code="j">111</subfield>
    <subfield code="k"> &#xE19;&#xE32;&#xE07;&#xE2A;&#xE32;&#xE27;&#xE1E;&#xE08;&#xE1E;&#xE34;&#xE13;  &#xE1E;&#xE23;&#xE21;&#xE40;&#xE2D;&#xE35;&#xE48;&#xE22;&#xE21;</subfield>
  </datafield>
  <datafield tag="952" ind1=" " ind2=" ">
    <subfield code="0">0</subfield>
    <subfield code="1">0</subfield>
    <subfield code="2">local</subfield>
    <subfield code="4">0</subfield>
    <subfield code="7">0</subfield>
    <subfield code="8">CLAW</subfield>
    <subfield code="a">NALT</subfield>
    <subfield code="b">NALT</subfield>
    <subfield code="c">LAW</subfield>
    <subfield code="d">2020-09-15</subfield>
    <subfield code="l">2</subfield>
    <subfield code="m">2</subfield>
    <subfield code="o">KE 141 &#xE19;641&#xE2D; 2562</subfield>
    <subfield code="p">3961211346</subfield>
    <subfield code="r">2024-01-04 00:00:00</subfield>
    <subfield code="s">2023-12-22</subfield>
    <subfield code="t">&#xE09;.1</subfield>
    <subfield code="w">2020-09-15</subfield>
    <subfield code="y">LB</subfield>
  </datafield>
  <datafield tag="952" ind1=" " ind2=" ">
    <subfield code="0">0</subfield>
    <subfield code="1">0</subfield>
    <subfield code="2">local</subfield>
    <subfield code="4">0</subfield>
    <subfield code="7">0</subfield>
    <subfield code="8">CLAW</subfield>
    <subfield code="a">NALT</subfield>
    <subfield code="b">NALT</subfield>
    <subfield code="c">LAW</subfield>
    <subfield code="d">2020-09-15</subfield>
    <subfield code="l">6</subfield>
    <subfield code="m">6</subfield>
    <subfield code="o">KE 141 &#xE19;641&#xE2D; 2562</subfield>
    <subfield code="p">3961211347</subfield>
    <subfield code="r">2025-03-26 00:00:00</subfield>
    <subfield code="s">2025-03-12</subfield>
    <subfield code="t">&#xE09;.2</subfield>
    <subfield code="w">2020-09-15</subfield>
    <subfield code="y">LB</subfield>
  </datafield>
  <datafield tag="952" ind1=" " ind2=" ">
    <subfield code="0">0</subfield>
    <subfield code="1">0</subfield>
    <subfield code="2">local</subfield>
    <subfield code="4">0</subfield>
    <subfield code="7">0</subfield>
    <subfield code="8">CSEN</subfield>
    <subfield code="a">NALT</subfield>
    <subfield code="b">NALT</subfield>
    <subfield code="c">LAW</subfield>
    <subfield code="d">2023-04-29</subfield>
    <subfield code="l">4</subfield>
    <subfield code="m">4</subfield>
    <subfield code="o">KE 141 &#xE19;641&#xE2D; 2562</subfield>
    <subfield code="p">0100009441001</subfield>
    <subfield code="r">2024-01-29 00:00:00</subfield>
    <subfield code="s">2024-01-15</subfield>
    <subfield code="w">2023-04-29</subfield>
    <subfield code="y">LB</subfield>
  </datafield>
</record>
